000 00458nam a2200181Ia 4500
001 25581
003 IN-NITTTR
005 20251114233324.0
008 251113s9999||||xx |||||||||||||| ||eng||
040 _beng
040 _cIN-NITTTR
041 _aeng
082 _a610.28 C23I
100 _aCarr, Joeph J.
245 0 _aIntroduction to biomedical equipment technology /
_cCarr, Joeph J., Brown, John M.
700 _a Brown, John M.
942 _2ddc
_cBK
999 _c28210
_d28210